| 000 | 00856cam a2200205 4500 | ||
|---|---|---|---|
| 001 | X113050 | ||
| 008 | 000000n2001 000 0 eng u | ||
| 035 | _a(Sirsi) u113050 | ||
| 100 | _aPearman, R. | ||
| 245 | _aWhat's sex got to do with it? | ||
| 260 | _c2001 | ||
| 490 |
_aContract Journal _v408(6328) 23 May 2001, 14-16(3) |
||
| 520 | _aLooks into whether attempts to involve women in the construction industry have been successful since the recommendations of the Latham Report and the CIB's 1996 report "Tomorrows team". Based on interviews with women from various organisations (eg. BWW and WAMT) at the 3rd Women in Construction National Conference at Bircham Newton, Norfolk. | ||
| 650 | _aEQUAL OPPORTUNITIES | ||
| 650 | _aWOMEN IN SURVEYING | ||
| 650 | _aLATHAM REFORMS | ||
| 650 | _aCITB | ||
| 690 | _aBUILT ENVIRONMENT | ||
| 942 | _n0 | ||
| 999 |
_c67294 _d67294 |
||